书目信息 |
| 题名: |
车削工艺
|
|
| 作者: | ;国营黎明机械制造厂 编 | |
| 分册: | ||
| 出版信息: | 北京 国防工业出版社 1975 |
|
| 页数: | 788页 | |
| 开本: | 20cm | |
| 丛书名: | ||
| 单 册: | ||
| 中图分类: | TG51 | |
| 科图分类: | ||
| 主题词: | 车床--工艺 | |
| 电子资源: | ||
| ISBN: | ||
| 000 | 00589nam0 2200217 45 | |
| 001 | 0175002104 | |
| 005 | 20060731081619.71 | |
| 010 | @dCNY2.35 | |
| 100 | @a19951014d1975 em y0chiy0121 ea | |
| 101 | 0 | @achi |
| 102 | @aCN@b110000 | |
| 105 | @ay z 000yy | |
| 200 | 10 | @a车削工艺@Ache xiao gong yi@f国营黎明机械制造厂编 |
| 210 | @a北京@c国防工业出版社@d1975 | |
| 215 | @a788页@d20cm | |
| 606 | @a车床@x工艺 | |
| 690 | @aTG51@v3 | |
| 711 | 02 | @a国营黎明机械制造厂@Aguo ying li ming ji xie zhi zao chang@4编 |
| 801 | 2 | @aCN@bNLC@c20060731 |
| 801 | 0 | @aCN@bTSSF |
| 905 | @a10447@dTG51@e27 | |
| 车削工艺/国营黎明机械制造厂编.-北京:国防工业出版社,1975 |
| 788页;20cm |
| ISBN :CNY2.35 |
| ● |
| 相关链接 |
|
|
|
|
正题名:车削工艺
索取号:TG51/27
 
预约/预借
| 序号 | 登录号 | 条形码 | 馆藏地/架位号 | 状态 | 备注 |
| 1 | 0017571 | 001363036 | 第二样本阅览室/ [索取号:TG51/27] | 在馆 | |
| 2 | 0439038 | 204390382 | 密集书库/ [索取号:TG51/27] | 在馆 |